000 00550nam a22001937a 4500
003 koha_MIRAKIL
005 20231213065352.0
008 231213b |||||||| |||| 00| 0 ||| d
020 _b9-75100259-1
040 _aTR-IsEVY
_btur
_cTR-IsEVY
082 _a810.32 AKY/M
100 _aAkyüz, Kenan, 1911-
245 0 _aModern Türk edebiyatının ana çizgileri
260 _bİnkılap,
_c1995
300 _a270 s.
650 _aTürk edebiyatı -- Tarih -- 1860-1923.
650 _aTurkish literature -- History -- 1860-1923.
942 _2ddc
_cBK
999 _c2479
_d2479